000 00805cam a2200229 4500
008 090401t1986 xxu||||| |||| 00| 0 eng d
020 _a094776318X
035 _a(Sirsi) u59911
041 _aeng
050 _a690.023
100 _aNorman, Kenneth
245 _aContinuing professional development in the construction professions: using as a point of reference the model adopted by the Royal Institution of Chartered Surveyors
260 _aReading
_bCollege of Estate Management
_c1986
300 _a223p. : ill. ; 30cm.
350 _a20
520 _aReport Commissioned by the Department of Education and Science . Research Director: Peter Goodacre.
650 _aBUILDING INDUSTRY
650 _aABOUT RICS-RICS MEMBERS
650 _aGOODACRE PETER
942 _n0
948 _c04/03/1997
999 _c94185
_d94185